Megjegyzések II. Rákóczi Ferenc 1711 februári Lengyelországba történt távozásához
Dans son étude, l'auteur analyse les circonstances qui ont obligé François Rákóczi II à quitter la Hongrie en février 1711. Il fait connaître les projets stratégiques qui préoccupaient le prince des le début de 1710. Il signale, que Rákóczi a tenu compte de la possibilité de se voir contraint à...
Elmentve itt :
| Szerző: | |
|---|---|
| Dokumentumtípus: | Cikk |
| Megjelent: |
University of Szeged, Magyar Medievisztikai Kutatócsoport
Szeged
1991
|
| Sorozat: | Acta Universitatis Szegediensis : acta historica
92 |
| Kulcsszavak: | II. Rákóczi Ferenc - fejedelem, Erdély története - 17-18. sz., Magyarország története - 17-18. sz. |
| Tárgyszavak: | |
| Online Access: | http://acta.bibl.u-szeged.hu/2774 |
| LEADER | 01910nab a2200229 i 4500 | ||
|---|---|---|---|
| 001 | acta2774 | ||
| 005 | 20260203150029.0 | ||
| 008 | 161015s1991 hu o 000 hun d | ||
| 022 | |a 0324-6965 | ||
| 040 | |a SZTE Egyetemi Kiadványok Repozitórium |b hun | ||
| 041 | |a hun | ||
| 041 | |a fre | ||
| 100 | 1 | |a Lele József | |
| 245 | 1 | 0 | |a Megjegyzések II. Rákóczi Ferenc 1711 februári Lengyelországba történt távozásához |h [elektronikus dokumentum] / |c Lele József |
| 260 | |a University of Szeged, Magyar Medievisztikai Kutatócsoport |b Szeged |c 1991 | ||
| 300 | |a 59-75 | ||
| 490 | 0 | |a Acta Universitatis Szegediensis : acta historica |v 92 | |
| 520 | 3 | |a Dans son étude, l'auteur analyse les circonstances qui ont obligé François Rákóczi II à quitter la Hongrie en février 1711. Il fait connaître les projets stratégiques qui préoccupaient le prince des le début de 1710. Il signale, que Rákóczi a tenu compte de la possibilité de se voir contraint à partir pour un pays étranger des le commencement du soulèvement; il examine l'histoire des rassemblements d'Olcsva et de Salánk d'un nouveau point de vue. Il explique le départ du prince kuruc pour la Pologne à l'aide de plusieurs circonstances, il y voit une préoccupation visant la continuation de la guerre d'indépendance. Il souligne que ce sont les décisions de Rákóczi qui ont fondamentalement determiné le cours des événements et il arrive à cette conclusion - étant donné la politique menée logiquement par le prince - que dans son départ du pays en février 1711, il y avait aussi l'acceptation du bannissement ou de l'exil. | |
| 650 | 4 | |a Bölcsészettudományok | |
| 650 | 4 | |a Történettudomány és régészet | |
| 695 | |a II. Rákóczi Ferenc - fejedelem, Erdély története - 17-18. sz., Magyarország története - 17-18. sz. | ||
| 856 | 4 | 0 | |u http://acta.bibl.u-szeged.hu/2774/1/historica_092_059-075.pdf |z Dokumentum-elérés |